000 00768nam a2200241Ia 4500
003 OSt
005 20220607101339.0
008 210716s2008 xx 000 0 und d
020 _a9780749454753
040 _cAIMIT LIBRARY
041 _aeng
082 _a658.312
_21
_bDOHN
100 _aDoherty, Nora.
_940761
245 _aEssential guide to workplace mediation and conflict resolution :
_brebuilding working relationships /
250 _a1st ed.
260 _aNew Delhi :
_bKogan Page ,
_c2008.
300 _ax, 196p. ;
_c22 cm.
650 _aWorkplace mediation
_940762
650 _aJust how does mediation works
_940763
650 _aWork place mediation for terms
_940764
700 _aGuyler, Marcelas.
_940765
942 _2ddc
_cBK
_e1st
_k658.312 DOHN
999 _c207760
_d207760